Text processing and typesetting with unix

Αποθηκεύτηκε σε:
Λεπτομέρειες βιβλιογραφικής εγγραφής
Κύριος συγγραφέας: Barron, D. W. (David William) 1935-
Άλλοι συγγραφείς: Rees, Mike 1946-
Μορφή: Βιβλίο
Γλώσσα:English
Δημοσίευση: Wokingham : Addison-Wesley, 1987
Σειρά:International computer science series
Θέματα:
Ετικέτες: Προσθήκη ετικέτας
Δεν υπάρχουν, Καταχωρήστε ετικέτα πρώτοι!

MARC

LEADER 00000nam a2200000 i 4500
001 1/33666
008 960328s1987 eng d
020 |a 0201142198 
035 |l 10023976 
040 |a GR-MY-UA  |b gre  |e aacr 
041 0 |a eng 
082 0 |a 070.5028554 
100 1 |a Barron, D. W.  |q (David William)  |d 1935- 
245 1 0 |a Text processing and typesetting with unix 
260 |a Wokingham :   |b Addison-Wesley,   |c 1987 
490 1 |a International computer science series 
630 0 0 |a UNIX (Computer file) 
650 0 0 |a Text processing (Computer science) 
650 0 0 |a Computerized typesetting. 
700 1 |a Rees, Mike  |d 1946- 
830 0 |a International computer science series 
852 |a INST  |b CHIOS  |e 19960328  |h 070.5028554 BAR  |p 005200002557  |q 005200002557  |t BK  |y 0 
909 |a Χ  |b 009523